| 000 | 00706nam a2200193 a 4500 | ||
|---|---|---|---|
| 001 | 000191086 | ||
| 003 | AM-YeHGA | ||
| 005 | 20250617161253.0 | ||
| 008 | 030329s1969 ||||| |||||||||||||rus|c | ||
| 040 | _aAM-YeHGA | ||
| 100 | 1 | _aКоршак, Василий Владимирович | |
| 245 | 1 | 0 |
_aТермостойкие полимеры / _cВ.В. Коршак ; ИЭОС АН СССР. |
| 260 |
_aМосква : _bНаука, _c1969. |
||
| 300 |
_a411 с. : _bил. |
||
| 504 | _aБиблиогр. 188 назв. | ||
| 650 | 1 | 4 | _aХимия высокополимеров |
| 710 | 2 | _aИнститут элементоорганических соединений АН СССР | |
| 090 | _c471672 | ||
| 999 |
_c468433 _d468433 |
||